<?xml version="1.0" encoding="UTF-8"?>
<record
    xmlns:xsi="http://www.w3.org/2001/XMLSchema-instance"
    xsi:schemaLocation="http://www.loc.gov/MARC21/slim http://www.loc.gov/standards/marcxml/schema/MARC21slim.xsd"
    xmlns="http://www.loc.gov/MARC21/slim">

  <leader>00381nam a2200157Ia 4500</leader>
  <controlfield tag="008">220803s9999    xx            000 0 und d</controlfield>
  <datafield tag="020" ind1=" " ind2=" ">
    <subfield code="a">9781446275894</subfield>
  </datafield>
  <datafield tag="041" ind1=" " ind2=" ">
    <subfield code="a">eng</subfield>
  </datafield>
  <datafield tag="082" ind1=" " ind2=" ">
    <subfield code="a">720.22 BEC</subfield>
  </datafield>
  <datafield tag="100" ind1=" " ind2=" ">
    <subfield code="a">Becker L.</subfield>
    <subfield code="9">26527</subfield>
  </datafield>
  <datafield tag="245" ind1=" " ind2=" ">
    <subfield code="a">Presenting Your Research.</subfield>
  </datafield>
  <datafield tag="260" ind1=" " ind2=" ">
    <subfield code="a">New Delhi</subfield>
    <subfield code="b">Sage Publiation</subfield>
    <subfield code="c">2014</subfield>
  </datafield>
  <datafield tag="300" ind1=" " ind2=" ">
    <subfield code="a">148p</subfield>
  </datafield>
  <datafield tag="500" ind1=" " ind2=" ">
    <subfield code="a">35</subfield>
  </datafield>
  <datafield tag="650" ind1=" " ind2=" ">
    <subfield code="a">Research</subfield>
    <subfield code="9">26528</subfield>
  </datafield>
  <datafield tag="999" ind1=" " ind2=" ">
    <subfield code="c">16967</subfield>
    <subfield code="d">16967</subfield>
  </datafield>
  <datafield tag="952" ind1=" " ind2=" ">
    <subfield code="0">0</subfield>
    <subfield code="1">0</subfield>
    <subfield code="4">0</subfield>
    <subfield code="7">0</subfield>
    <subfield code="8">Book of B Arch</subfield>
    <subfield code="a">BNCA</subfield>
    <subfield code="b">BNCA</subfield>
    <subfield code="c">P1</subfield>
    <subfield code="d">2018-11-27</subfield>
    <subfield code="e">Word Book Shop</subfield>
    <subfield code="g">2250.25</subfield>
    <subfield code="o">720.72 BEC</subfield>
    <subfield code="p">BNCA-BK-10939</subfield>
    <subfield code="r">2022-08-03 00:00:00</subfield>
    <subfield code="v">2285.21</subfield>
    <subfield code="w">2018-11-22</subfield>
    <subfield code="y">RF</subfield>
    <subfield code="z">B10939</subfield>
  </datafield>
  <datafield tag="952" ind1=" " ind2=" ">
    <subfield code="0">0</subfield>
    <subfield code="1">0</subfield>
    <subfield code="4">0</subfield>
    <subfield code="7">3</subfield>
    <subfield code="8">Book of B Arch</subfield>
    <subfield code="a">BNCA</subfield>
    <subfield code="b">BNCA</subfield>
    <subfield code="d">2021-12-31</subfield>
    <subfield code="e">Word Book</subfield>
    <subfield code="g">1359.27</subfield>
    <subfield code="o">720.72 BEC</subfield>
    <subfield code="p">BNCA-BK-11650</subfield>
    <subfield code="r">2022-08-03 00:00:00</subfield>
    <subfield code="v">2718.55</subfield>
    <subfield code="w">2021-12-28</subfield>
    <subfield code="y">BK</subfield>
    <subfield code="z">B11650</subfield>
  </datafield>
</record>
